Statistics for Royale High- Roblox

Click here to take the quiz!

General Stats

  • This quiz has been taken 226 times
  • The average score is 5 of 8

Answer Stats

QuestionAnswer% Correct
When you join Royale High, who does it say made the game?CallMehBob
94%
What Is The Darkest Halo?Corrupt
82%
The First Winter Set?Princess Starfrost
79%
What was/ were the first halo(s) ever in gameLight And Corrupt
71%
Which Of The Following Is A Game Developer?Ice7
50%
What halo has the most hearts on it?Valentines Day 2019
48%
What Is The RAREST Halo In The Game (As Of March 2021)Halloween 2019
34%
The Dear Dollie Set Came Out With What Update?Sunset Island
29%

Score Distribution

Percentile by Number Answered

Percent of People with Each Score

Your Score History

You have not taken this quiz